[Event "SVK-chT4 A22 1718"]
[Site "Slovakia"]
[Date "2018.03.18"]
[Round "11.2"]
[White "Kiss, Balazs5"]
[Black "Dolnik, Jozef"]
[Result "1-0"]
[WhiteElo "1287"]
[BlackElo "1000"]
[PlyCount "83"]
[EventDate "2017.10.01"]
[EventType "team-tourn"]
[EventRounds "11"]
[EventCountry "SVK"]
[SourceTitle "EXT 2020"]
[Source "ChessBase"]
[SourceDate "2019.10.17"]
[SourceVersion "1"]
[SourceVersionDate "2019.10.17"]
[SourceQuality "1"]

1. e4 e5 2. Nf3 d6 3. Bc4 a6 4. a4 Bd7 5. Nc3 Nh6 6. d3 c6 7. Be3 c5 8. 0-0 Be7 9. Nd5 0-0 10. h3 Nc6 11. Nxe7+ Qxe7 12. Bg5 Qe8 13. Qd2 Nd4 14. Nxd4 cxd4 15. Bb3 Qc8 16. Qe2 Bxh3 17. Qf3 Bg4 18. Qg3 Be6 19. Bxh6 g6 20. Bxe6 Qxe6 21. Bxf8 Rxf8 22. Rfc1 Qc8 23. c3 dxc3 24. Rxc3 Qe6 25. Qe3 b5 26. axb5 axb5 27. Qb6 Qd7 28. Ra7 Qg4 29. Rc1 Qe2 30. Qxb5 Qd2 31. Rac7 Kg7 32. R7c2 Qf4 33. b4 f5 34. Qd7+ Rf7 35. Qxd6 fxe4 36. b5 exd3 37. Qxd3 e4 38. Qd4+ Kh6 39. b6 Rf6 40. b7 Qb8 41. Qxf6 Qxb7 42. Qh4+ 1-0